| 000 | 01365pam a2200361 a 4500 | ||
|---|---|---|---|
| 005 | 20260322212023.0 | ||
| 008 | data | ||
| 010 | _a 94010678 | ||
| 020 |
_a1878424076 (pbk. : alk. paper) : _c{dollar}15.95 |
||
| 020 |
_a9781878424075 (pbk. : alk. paper) : _c{dollar}15.95 |
||
| 040 |
_aDLC _cDLC _dDLC |
||
| 050 | 0 | 0 |
_aBF1301 _b.S387 1994 |
| 082 | 0 | 0 |
_a133.9/3 _220 |
| 092 | _a133.9 S387 1994 | ||
| 100 | 1 |
_aSeth _c(Spirit) |
|
| 245 | 1 | 0 |
_aSeth speaks : _bthe eternal validity of the soul / _cSeth, Jane Roberts & Robert F. Butts. |
| 260 |
_a[Emeryville, CA] : _bDistributed by Publishers Group West, _a[Emeryville, CA] : _bDistributed by Publishers Group West, _cc1994. |
||
| 300 |
_axx, 445 p. ; _c23 cm. |
||
| 490 | 1 | _aA Seth book | |
| 500 | _a"An Amber-Allen book." | ||
| 500 | _aOriginally published: Englewood Cliffs, N.J. : Prentice-Hall, 1972. | ||
| 500 | _aIncludes index. | ||
| 650 | 0 | _aSpirit writings. | |
| 650 | 0 | _aSoul. | |
| 650 | 0 | _aReincarnation. | |
| 700 | 1 |
_aRoberts, Jane, _d1929- |
|
| 700 | 1 | _aButts, Robert F. | |
| 800 | 0 |
_aSeth _c(Spirit). _tSeth book. |
|
| 906 |
_a7 _bcbc _corignew _d1 _eocip _f19 _gy-gencatlg |
||
| 991 |
_bc-GenColl _hBF1301 _i.S387 1994 _p0001441406A _tCopy 1 _wBOOKS |
||
| 001 | data | ||
| 999 |
_c513 _d513 |
||